COMMENTARY ON THE INDIAN PENAL CODE (Record no. 10187)

MARC details
000 -LEADER
fixed length control field 00365nam a22001577a 4500
003 - CONTROL NUMBER IDENTIFIER
control field SGT
020 ## - INTERNATIONAL STANDARD BOOK NUMBER
International Standard Book Number 9789350352533
082 ## - DEWEY DECIMAL CLASSIFICATION NUMBER
Classification number 345.540 263 2,RED
100 ## - MAIN ENTRY--PERSONAL NAME
Personal name REDDI JUSTICE P. V.
245 ## - TITLE STATEMENT
Title COMMENTARY ON THE INDIAN PENAL CODE
250 ## - EDITION STATEMENT
Edition statement 2ND
260 ## - PUBLICATION, DISTRIBUTION, ETC. (IMPRINT)
Place of publication, distribution, etc NEW DELHI
Name of publisher, distributor, etc UNIVERSAL
Year of Publication 2013
300 ## - PAGE DESCRIPTION
No. of Pages 1540
650 ## - SUBJECT ADDED ENTRY--TOPICAL TERM
Topical term or geographic name as entry element INDIAN PENAL CODE
942 ## - ADDED ENTRY ELEMENTS (KOHA)
Source of classification or shelving scheme Dewey Decimal Classification
Koha item type Books
Holdings
Withdrawn status Lost status Source of classification or shelving scheme Damaged status Not for loan Collection code Home library Current library Shelving location Date acquired Vendor Name Cost, normal purchase price SGTU Bill Number Full call number Accession No. (Barcode) Date last seen Bill Date Koha item type
    Dewey Decimal Classification   Not For Loan LAW SGT Science & Social Sciences Library SGT Science & Social Sciences Library Reference Book 12/12/2016 TECHNICAL BUREAU INDIA PVT LTD 1795.00 SGTU 2002 345.540 263 2,RED FL1184 12/12/2016 15/09/2015 Books